| 000 | 01432cam a2200409 i 4500 | ||
|---|---|---|---|
| 001 | 20912161 | ||
| 003 | JO-AjAnu | ||
| 005 | 20240805121549.0 | ||
| 006 | m |o d | | ||
| 007 | cr_||||||||||| | ||
| 008 | 190401s2020 nju ob 001 0 eng | ||
| 010 | _a 2019015564 | ||
| 020 |
_a9781119523925 _q(Adobe PDF) |
||
| 020 |
_a9781119523949 _q(ePub) |
||
| 020 |
_z9781119523888 _q(pbk.) |
||
| 040 |
_aDLC _beng _erda _cDLC _dDLC _dJO-AjAnu |
||
| 042 | _apcc | ||
| 050 | 0 | 0 | _aRA409 |
| 060 | 1 | 0 | _aWA 950 |
| 082 | 0 | 0 |
_a610.72/7 _223 |
| 100 | 1 |
_aBowers, David, _d1938- _eauthor. |
|
| 245 | 1 | 0 |
_aMedical statistics from scratch : _ban introduction for health professionals / _cDavid Bowers. |
| 250 | _aFourth edition. | ||
| 264 | 1 |
_aHoboken NJ : _bWileyBlackwell, _c2020. |
|
| 300 | _a1 online resource. | ||
| 336 |
_atext _2rdacontent |
||
| 337 |
_acomputer _bc _2rdamedia |
||
| 338 |
_aonline resource _bcr _2rdacarrier |
||
| 504 | _aIncludes bibliographical references and index. | ||
| 588 | _aDescription based on print version record and CIP data provided by publisher. | ||
| 650 | 1 | 2 | _aBiometry |
| 650 | 2 | 2 | _aStatistics as Topic |
| 776 | 0 | 8 |
_iPrint version: _aBowers, David, 1938- author. _tMedical statistics from scratch _b4th edition. _dHoboken NJ : Wiley, 2019 _z9781119523888 _w(DLC) 2019015126 |
| 906 |
_a7 _bcbc _corigcop _d1 _eecip _f20 _gy-gencatlg |
||
| 942 |
_2lcc _cBK _n0 |
||
| 999 |
_c33615 _d33615 |
||